00326nam a22001097a 4500082002700000100002400027245005700051260005000108300001300158526003700171650000800208 a624.2bSHAcL-19, P-28 aShahane & Alexandar aBridges in answer & questions /cAlexandar & Shahane aBombay :bEngineering Book Company Bombay,c. a176 p. : a0b0c0d624_200000000000000_SHA aMCE